000
00301nam a2200109Ia 4500
008
200302s9999 xx 000 0 und d
100
_a
John Lobell
245
_a
Between Silence and light spirit in the architecture of louis I. Kahn
260
_b
Shambhala Publications
260
_c
2008
300
_a
120
999
_c
6265
_d
6265